| 000 | 00727nam a2200205 a 4500 | ||
|---|---|---|---|
| 003 | OSt | ||
| 005 | 20130927183920.0 | ||
| 008 | 130927s2000 ag ||||| |||| 00| 0 spa d | ||
| 040 | _cBiblioteca Medicina | ||
| 041 | _aspa | ||
| 082 | _bVARIOS 0332 | ||
| 110 |
_aAsociacion Argentina de Alergia e Inmunologia Clinica _92620 |
||
| 245 | 0 | 0 | _aPrimer relevamiento nacional de especialistas en alergia e inmunologia |
| 250 | _a1Âșed. | ||
| 260 |
_aBuenos Aires _bAsociacion Argentina de Alergia e Inmunologia Clinica _c2000 |
||
| 300 | _a37 p. | ||
| 653 | _aALERGIAS E INMUNOLOGIA-ESPECIALISTAS-ARGENTINA | ||
| 942 |
_2ddc _cPH |
||
| 999 |
_c1693 _d1693 |
||
| 952 |
_40 _00 _bBFM _10 _oVARIOS 0332 _d2013-09-27 _tEj. 1 _8NFIC _70 _cCR _2ddc _yPH _aBFM |
||